000 00758nam a22001815i 4500
001 167178
003 ES-MaACL
005 20230906213455.0
008 990409s1899 be |||| | fre d
040 _aCCPB | B
_bspa
_cCCPB | B
100 1 _aVentosa, Vicente.
_9113909
245 1 3 _aLa direction du vent et la scintillation
_b: reponse aux objections faites a la methode d'observation des vents superieurs par les ondulations du bord des astres /
_cpar V. Ventosa.
260 _aBruxelles :
_b[s.n.],
_c1899 (
_fP. Weissenbruch, Imprimeur du Roi)
300 _a41 p. ;
_c24 cm.
500 _aExtrait de la revue Ciel et Terre, 20e année.
650 4 _aViento.
_9144224
852 _aES-MaACL
_jFol-Laf-425
_z-- Rúst.
_z-- Legado de Modesto de la Fuente
999 _c167178
_d167178